| 000 | 00590 a2200193 4500 | ||
|---|---|---|---|
| 020 | _a0070249334 | ||
| 040 |
_aDLC _bDLC |
||
| 082 | 0 | 0 | _a621.388 |
| 100 | 1 | _aGrob, Bernard. | |
| 245 | 1 | 0 |
_aBasic television and video systems _cBernard Grob. |
| 250 | _a5th ed. | ||
| 260 |
_aNew York : _bMcGraw-Hill, _cc1984. |
||
| 300 |
_axii, 464 p., [4] p. of plates : _bill. (some col.) ; _c25 cm. |
||
| 500 | _aRev. ed. of: Basic television, principles and servicing. 4th ed. 1975. | ||
| 500 | _aIncludes index. | ||
| 650 | 0 | _aTelevision. | |
| 700 | 1 | _aGrob, Bernard. | |
| 942 |
_cBK _k621.388 GRO _2ddc |
||
| 999 |
_c9993 _d9993 |
||